Η υγιής κοινωνία

Αποθηκεύτηκε σε:
Λεπτομέρειες βιβλιογραφικής εγγραφής
Κύριος συγγραφέας: Fromm, Erich, 1900-1980
Άλλοι συγγραφείς: Θεοδωρακάτος, Δημήτρης (Μεταφραστής)
Μορφή: Βιβλίο
Γλώσσα:Greek
English
Δημοσίευση: Αθήνα : Μπουκουμάνης, c1973.
Σειρά:Κοινωνιολογία - Φιλοσοφία (Μπουκουμάνης)
Θέματα:
Ετικέτες: Προσθήκη ετικέτας
Δεν υπάρχουν, Καταχωρήστε ετικέτα πρώτοι!

MARC

LEADER 00000cam a2200000 i 4500
001 1/53524
008 960507s1973 gr | ||| |||| ||gre||
035 |l 10027533 
040 |a GR-MY-UA  |b gre  |e aacr 
041 1 |a gre  |h eng 
082 7 |a 302   |2 (22) 
082 7 |a 301   |2 (22) 
100 1 |a Fromm, Erich,   |d 1900-1980. 
245 1 2 |a Η υγιής κοινωνία /   |c Erich Fromm ; μετάφραση: Δημ.Θεοδωρακάτος.  
260 |a Αθήνα :   |b Μπουκουμάνης,   |c c1973.  
300 |a 454 σ. ;   |c 21 εκ.  
490 1 |a (Κοινωνιολογία - Φιλοσοφία / Μπουκουμάνης)  
500 |a Τίτλος πρωτοτύπου: The sane Society.  
500 |a Περιλαμβάνει βιβλιογραφικές παραπομπές και ευρετήριο.  
650 0 0 |a Liberty. 
650 0 0 |a Civilization, Modern. 
650 0 0 |a Social psychology. 
700 1 |a Θεοδωρακάτος, Δημήτρης,  |e trl 
830 0 |a Κοινωνιολογία - Φιλοσοφία (Μπουκουμάνης) 
852 |a INST  |b CHIOS  |e 19960507  |h 302 FRO  |p 005200000233  |q 005200000233  |t BK  |y 0 
852 |a INST  |b LESVOS  |e 19980512  |h 301 FRO  |p 005100014198  |q 005100014198  |t BK  |y 0 
901 |a BIBL-1998-2 
909 |a Χ  |b 031372 
909 |a Λ  |b 055965 
922 |a 1ΕΛΗ  |b 199804  |c ΚΠΣ/ΤΚ  |d EMVASIS 
970 |z 1996/05